000
00345nam a2200145Ia 4500
001
23399
003
GE_BSU
008
181216s||||||||xx |||||||||||||| ||und||
040
_c
GE_BSU
245
4
_a
The Economist.№9104.2018.
245
_b
19TH-25TH
653
_a
The Economist №9104.2018.
653
_a
პერიოდიკა
942
_c
CR
999
_c
56286
_d
56286